000 00593nam a2200229Ia 4500
003 OSt
005 20221007075644.0
006 a|||||r|||| 00| 0
007 ta
008 221006b |||||||| |||| 00| 0 eng d
024 _a13,837
037 _cTextual
040 _aFLL
_cFLL
_beng
041 _2eng
_aeng
082 _aW:5z7, K9
100 _aSinghvi L.M. Au.
245 0 _aHorizons of freedom
260 _aNew Delhi
_bNational Publishing house India
_c1969
300 _a331p
_ccm.
942 _hW:5z7, K9
_cTEXL
_2CC
999 _c1156900
_d1156900